Subdivision capitals closest to Glarus/Glaris (CH) - Statistics

General Stats
  • This quiz has been taken 18 times
  • The average score is 17 of 20
Answer Stats
Distance (km) Answer % Correct
11 53 Zürich
100%
17 87 Aarau
92%
5 41 Appenzell
92%
6 41 Chur
92%
9 49 Sankt Gallen
92%
16 80 Schaffhausen
92%
2 36 Vaduz
92%
8 44 Zug
92%
4 36 Altdorf
83%
18 95 Bellinzona
83%
13 59 Frauenfeld
83%
7 41 Herisau
83%
12 58 Luzern
83%
14 64 Sarnen
83%
1 31 Schwyz
83%
20 117 Solothurn
83%
10 53 Stans
83%
19 112 Liestal
75%
15 73 Bregenz
58%
3 36 Schaan
42%
No matching quizzes found
Score Distribution
Percent of People with Each Score
Percentile by Number Answered
Your Score History
You have not taken this quiz